[Event "3. Magistral Regina Helena Marques Prol"]
[Site "Santos BRA"]
[Date "2005.09.26"]
[Round "1.1"]
[White "Crosa, Martin"]
[Black "Bachmann Schiavo, Axel"]
[Result "1-0"]
[WhiteElo "2415"]
[BlackElo "2410"]
[PlyCount "87"]
[EventDate "2005.09.26"]
[EventType "tourn"]
[EventRounds "9"]
[EventCountry "BRA"]
[EventCategory "4"]
[Source "lmi"]
[SourceDate "2005.10.02"]

1. e4 c5 2. Nf3 e6 3. c3 d5 4. exd5 Qxd5 5. d4 Nf6 6. Bd3 Nc6 7. O-O Be7 8. Re1
O-O 9. b4 cxb4 10. c4 Qh5 11. Bb2 b6 12. Nbd2 Bb7 13. Nf1 Bd6 14. Ng3 Bxg3 15.
fxg3 Rfd8 16. h3 Nd7 17. g4 Qa5 18. a3 Nf8 19. Re3 b3 20. Qxb3 b5 21. Qxb5 Qc7
22. Qg5 Ng6 23. Bxg6 hxg6 24. Bc3 Rac8 25. Kh1 Qe7 26. Qf4 Qd6 27. Qxd6 Rxd6
28. Rae1 Rdd8 29. h4 Nb8 30. Ba5 Rf8 31. d5 exd5 32. Bb4 Rfd8 33. Re7 Bc6 34.
Ng5 f6 35. Ne6 Rd7 36. Nxg7 dxc4 37. h5 a5 38. Bc3 Rxe7 39. Rxe7 gxh5 40. gxh5
Kf8 41. Bxf6 Bd5 42. h6 Rc6 43. Ne6+ Rxe6 44. Rxe6 1-0

[Event "3. Magistral Regina Helena Marques Prol"]
[Site "Santos BRA"]
[Date "2005.09.26"]
[Round "1.2"]
[White "Tsuboi, Edson"]
[Black "El Debs, Felipe"]
[Result "0-1"]
[WhiteElo "2345"]
[BlackElo "2341"]
[PlyCount "114"]
[EventDate "2005.09.26"]
[EventType "tourn"]
[EventRounds "9"]
[EventCountry "BRA"]
[EventCategory "4"]
[Source "lmi"]
[SourceDate "2005.10.02"]

1. e4 e5 2. Nf3 Nf6 3. Nxe5 d6 4. Nf3 Nxe4 5. d4 d5 6. Bd3 Be7 7. O-O Nc6 8. c4
O-O 9. Nc3 Nf6 10. h3 Nb4 11. Be2 dxc4 12. Bxc4 c6 13. Bg5 Nbd5 14. Re1 Be6 15.
Qb3 Qb6 16. Bxd5 cxd5 17. Qxb6 axb6 18. a3 Rfc8 19. Rac1 Kf8 20. Ne5 Ke8 21. f3
h6 22. Bd2 Nd7 23. Bf4 g5 24. Nxd7 Kxd7 25. Be5 Rc4 26. Ne2 b5 27. Kf2 f6 28.
Bg3 b4 29. axb4 Bxb4 30. Red1 Ra2 31. b3 Rc6 32. Ke3 Rxc1 33. Nxc1 Rxg2 34. Ne2
h5 35. h4 Bf8 36. Rg1 Rxg1 37. Nxg1 Bf5 38. Ne2 Bc2 39. Nc1 Bh6 40. hxg5 fxg5
41. Kd2 Bf5 42. Ne2 h4 43. Bf2 Ke6 44. Be3 Kf6 45. Nc3 Be6 46. Nd1 Bf8 47. Bg1
Bb4+ 48. Kc1 Bd6 49. Ne3 Bf4 50. Kd1 h3 51. Nf1 Bf5 52. Nh2 Ke7 53. Ke2 Kd7 54.
Nf1 Bc2 55. Bh2 Bxb3 56. Bxf4 gxf4 57. Kd2 Ke6 0-1

[Event "3. Magistral Regina Helena Marques Prol"]
[Site "Santos BRA"]
[Date "2005.09.26"]
[Round "1.4"]
[White "Lebredo, Gerardo"]
[Black "Assumpcao, Roberto"]
[Result "0-1"]
[WhiteElo "2300"]
[BlackElo "2361"]
[PlyCount "46"]
[EventDate "2005.09.26"]
[EventType "tourn"]
[EventRounds "9"]
[EventCountry "BRA"]
[EventCategory "4"]
[Source "lmi"]
[SourceDate "2005.10.02"]

1. Nf3 Nf6 2. c4 c5 3. b3 d5 4. cxd5 Nxd5 5. g3 Nc6 6. Bb2 f6 7. Bg2 e5 8. O-O
Be6 9. d3 Qd7 10. Nbd2 Be7 11. a3 O-O 12. Rc1 Rfc8 13. e3 Nc7 14. Ne4 Na6 15.
d4 exd4 16. exd4 Nxd4 17. Bxd4 cxd4 18. Qxd4 Rxc1 19. Rxc1 Bxa3 20. Ra1 Bf8 21.
Qe3 Re8 22. Qxa7 f5 23. Ne5 Qb5 0-1

[Event "3. Magistral Regina Helena Marques Prol"]
[Site "Santos BRA"]
[Date "2005.09.26"]
[Round "1.5"]
[White "Santos, Marcus Vinicius M"]
[Black "Lafuente, Pablo"]
[Result "1/2-1/2"]
[WhiteElo "2353"]
[BlackElo "2435"]
[PlyCount "103"]
[EventDate "2005.09.26"]
[EventType "tourn"]
[EventRounds "9"]
[EventCountry "BRA"]
[EventCategory "4"]
[Source "lmi"]
[SourceDate "2005.10.02"]

1. d4 Nf6 2. c4 e6 3. Nc3 Bb4 4. e3 O-O 5. a3 Bxc3+ 6. bxc3 d5 7. cxd5 exd5 8.
Bd3 c5 9. Ne2 b6 10. O-O Ba6 11. Bxa6 Nxa6 12. Qd3 Nc7 13. f3 Ne6 14. Ng3 Rc8
15. Bb2 Re8 16. Rae1 Qc7 17. Rf2 g6 18. e4 cxd4 19. cxd4 Nf4 20. Qd2 N6h5 21.
e5 Qd7 22. Nf1 Qb5 23. Rd1 Qb3 24. Kh1 Rc7 25. Ne3 f5 26. Rff1 Ne6 27. Rc1 Rec8
28. Rxc7 Rxc7 29. Rc1 Nhg7 30. Rxc7 Nxc7 31. Qc3 Qxc3 32. Bxc3 Nge6 33. a4 Kf7
34. Kg1 Ke8 35. Kf2 Kd7 36. Ke2 Kc6 37. Kd2 b5 38. a5 b4 39. Bxb4 Nxd4 40. Kd3
Nde6 41. g3 d4 42. Nc2 Kd5 43. Bd6 Na6 44. f4 g5 45. fxg5 Nac5+ 46. Bxc5 Nxc5+
47. Kd2 Kxe5 48. h4 Ne4+ 49. Kd3 Nf2+ 50. Kd2 Ne4+ 51. Kd3 Nf2+ 52. Kd2 1/2-1/2

[Event "3. Magistral Regina Helena Marques Prol"]
[Site "Santos BRA"]
[Date "2005.09.27"]
[Round "2.1"]
[White "Bachmann Schiavo, Axel"]
[Black "Lafuente, Pablo"]
[Result "1-0"]
[WhiteElo "2410"]
[BlackElo "2435"]
[PlyCount "67"]
[EventDate "2005.09.26"]
[EventType "tourn"]
[EventRounds "9"]
[EventCountry "BRA"]
[EventCategory "4"]
[Source "lmi"]
[SourceDate "2005.10.02"]

1. e4 c5 2. Nf3 d6 3. d4 cxd4 4. Qxd4 Bd7 5. c4 Nc6 6. Qd2 g6 7. b3 Nf6 8. Nc3
Bg7 9. Bb2 O-O 10. Be2 Qa5 11. Rb1 Rfc8 12. a3 Qd8 13. O-O Bg4 14. Rfd1 Qf8 15.
Ne1 Bh6 16. Qc2 Be6 17. Nd3 Nd7 18. Nd5 Nc5 19. N3f4 Bd7 20. b4 Ne6 21. Nxe6
Bxe6 22. b5 Bxd5 23. Rxd5 Nd8 24. Bg4 e6 25. Rd3 Bf4 26. Rbd1 b6 27. h4 h5 28.
Bh3 Be5 29. Bxe5 dxe5 30. Rd7 Qxa3 31. Qd2 Qf8 32. Qg5 Rab8 33. Qf6 a5 34. bxa6
1-0

[Event "3. Magistral Regina Helena Marques Prol"]
[Site "Santos BRA"]
[Date "2005.09.27"]
[Round "2.2"]
[White "Assumpcao, Roberto"]
[Black "Santos, Marcus Vinicius M"]
[Result "1/2-1/2"]
[WhiteElo "2361"]
[BlackElo "2353"]
[PlyCount "137"]
[EventDate "2005.09.26"]
[EventType "tourn"]
[EventRounds "9"]
[EventCountry "BRA"]
[EventCategory "4"]
[Source "lmi"]
[SourceDate "2005.10.02"]

1. d4 d5 2. c4 c6 3. Nf3 Nf6 4. Nc3 e6 5. Bg5 dxc4 6. e4 b5 7. Be2 Nbd7 8. d5
cxd5 9. exd5 exd5 10. O-O Bb7 11. Re1 Be7 12. Nxb5 O-O 13. Bf1 Bc5 14. Be3 Qb6
15. Nc3 Bxe3 16. Rxe3 Nc5 17. Nd4 Nce4 18. Na4 Qa5 19. Qc2 Ng4 20. Re2 Qc7 21.
g3 Nc5 22. Nc3 Nd3 23. Rd2 Nge5 24. Na4 Qe7 25. f4 Nc6 26. Nf5 Qe4 27. Rxd3
Qxf5 28. Rd2 Qe6 29. Qc3 Rac8 30. Rf2 Qd6 31. a3 Rfd8 32. Rd1 Ne7 33. Qa5 Qc6
34. Bg2 Nf5 35. Re1 Qc7 36. Qb4 a5 37. Qb6 Bc6 38. Qxc7 Rxc7 39. Nb6 d4 40.
Bxc6 Rxc6 41. Na4 Ne3 42. Rd2 Rcd6 43. Nc5 Re8 44. h3 g6 45. Kf2 f5 46. Kf3 Rd5
47. Na4 Red8 48. Nb6 R5d6 49. Nc8 Rxc8 50. Rxe3 Rb8 51. Re5 Rb3+ 52. Kf2 a4 53.
Rc5 Rdb6 54. Rxc4 Rxb2 55. Rcxd4 Rxd2+ 56. Rxd2 Rb3 57. Rd8+ Kf7 58. Rd7+ Ke6
59. Rxh7 Rxa3 60. Rg7 Kf6 61. Ra7 Ra1 62. g4 fxg4 63. hxg4 a3 64. Ra6+ Kf7 65.
Ra7+ Ke6 66. Ra5 a2 67. f5+ gxf5 68. gxf5+ Kf6 69. Kg2 1/2-1/2

[Event "3. Magistral Regina Helena Marques Prol"]
[Site "Santos BRA"]
[Date "2005.09.27"]
[Round "2.4"]
[White "El Debs, Felipe"]
[Black "Sega, Carlos Alberto"]
[Result "1-0"]
[WhiteElo "2341"]
[BlackElo "2300"]
[PlyCount "81"]
[EventDate "2005.09.26"]
[EventType "tourn"]
[EventRounds "9"]
[EventCountry "BRA"]
[EventCategory "4"]
[Source "lmi"]
[SourceDate "2005.10.02"]

1. e4 e5 2. Nf3 Nf6 3. Nxe5 d6 4. Nf3 Nxe4 5. Nc3 Nf6 6. d4 Be7 7. Bd3 O-O 8.
h3 c5 9. O-O Nc6 10. a3 cxd4 11. Nb5 Ne5 12. Be2 d3 13. cxd3 Bd7 14. Nc3 Bc6
15. Nd4 Bd7 16. Be3 Re8 17. Qb3 Rb8 18. Rac1 Nc6 19. Bf3 Ne5 20. Be2 Nc6 21.
Qc2 a6 22. b4 Nxd4 23. Bxd4 Rc8 24. Qb2 Bc6 25. a4 b5 26. axb5 axb5 27. Ne4 Bb7
28. Rxc8 Bxc8 29. Ra1 Bb7 30. Ra5 Bc6 31. Bf1 Nxe4 32. dxe4 Bf8 33. f3 d5 34.
e5 Qe7 35. Bxb5 Bxb5 36. Rxb5 Qd7 37. Ra5 Qc6 38. Bc5 h6 39. Qd4 Rb8 40. Bxf8
Kxf8 41. Rxd5 1-0

[Event "3. Magistral Regina Helena Marques Prol"]
[Site "Santos BRA"]
[Date "2005.09.27"]
[Round "2.5"]
[White "Crosa, Martin"]
[Black "Tsuboi, Edson"]
[Result "1-0"]
[WhiteElo "2415"]
[BlackElo "2345"]
[PlyCount "59"]
[EventDate "2005.09.26"]
[EventType "tourn"]
[EventRounds "9"]
[EventCountry "BRA"]
[EventCategory "4"]
[Source "lmi"]
[SourceDate "2005.10.02"]

1. e4 c5 2. Nf3 Nc6 3. Nc3 d6 4. d4 cxd4 5. Nxd4 Nf6 6. f3 e6 7. Be3 Be7 8. Qd2
O-O 9. O-O-O a6 10. g4 Nxd4 11. Qxd4 b5 12. g5 Nd7 13. Kb1 Ne5 14. f4 Nc6 15.
Qd2 Bd7 16. h4 Qa5 17. h5 Rfc8 18. g6 Nb4 19. a3 Nc6 20. h6 fxg6 21. f5 b4 22.
fxg6 bxc3 23. gxh7+ Kh8 24. hxg7+ Kxg7 25. Qg2+ Kh8 26. Rd5 exd5 27. Rg1 Bf6
28. Bh6 Qd8 29. Bg7+ Kxh7 30. Qg6+ 1-0

[Event "3. Magistral Regina Helena Marques Prol"]
[Site "Santos BRA"]
[Date "2005.09.27"]
[Round "3.1"]
[White "Tsuboi, Edson"]
[Black "Bachmann Schiavo, Axel"]
[Result "0-1"]
[WhiteElo "2345"]
[BlackElo "2410"]
[PlyCount "100"]
[EventDate "2005.09.26"]
[EventType "tourn"]
[EventRounds "9"]
[EventCountry "BRA"]
[EventCategory "4"]
[Source "lmi"]
[SourceDate "2005.10.02"]

1. e4 Nc6 2. Nf3 d6 3. d4 Nf6 4. Nc3 g6 5. Be2 Bg7 6. O-O O-O 7. h3 e5 8. d5
Ne7 9. Bg5 h6 10. Be3 Nh7 11. Qd2 g5 12. Nh2 f5 13. exf5 Bxf5 14. Bd3 Qd7 15.
f3 Ng6 16. Rf2 Nf4 17. Bxf5 Qxf5 18. Nf1 h5 19. Ne4 Qg6 20. Nfg3 Rf7 21. Ne2
Raf8 22. Bxf4 exf4 23. Nd4 Be5 24. Kh1 Kh8 25. Qd3 Rg8 26. Rd2 g4 27. Nf2 Qh6
28. Nf5 Qg6 29. Nd4 Qh6 30. Nf5 Qf6 31. fxg4 hxg4 32. hxg4 Ng5 33. Kg1 Rh7 34.
Kf1 Bxb2 35. Rb1 Bc3 36. Re2 b6 37. Rb3 Be5 38. Ke1 Re8 39. Kd1 Kg8 40. Qb5 Rf8
41. Qd3 Re8 42. Qb5 Qg6 43. Qd3 Kf8 44. Nh3 Qf6 45. Nxg5 Qxg5 46. Qf3 Kg8 47.
c4 Kh8 48. Re1 Rg8 49. c5 Qxg4 50. cxd6 Qxf5 0-1

[Event "3. Magistral Regina Helena Marques Prol"]
[Site "Santos BRA"]
[Date "2005.09.27"]
[Round "3.2"]
[White "Sega, Carlos Alberto"]
[Black "Crosa, Martin"]
[Result "1-0"]
[WhiteElo "2300"]
[BlackElo "2415"]
[PlyCount "65"]
[EventDate "2005.09.26"]
[EventType "tourn"]
[EventRounds "9"]
[EventCountry "BRA"]
[EventCategory "4"]
[Source "lmi"]
[SourceDate "2005.10.02"]

1. c4 Nf6 2. Nc3 g6 3. g3 Bg7 4. Bg2 O-O 5. d3 d6 6. e3 c5 7. Nge2 Nc6 8. O-O
Bf5 9. h3 a6 10. f4 Rb8 11. a4 Bd7 12. b3 Ne8 13. d4 e5 14. fxe5 cxd4 15. exd4
dxe5 16. Ba3 exd4 17. Bxf8 Kxf8 18. Nd5 Nd6 19. Qd2 Kg8 20. Rad1 h5 21. c5 Nf5
22. b4 Be6 23. Nef4 Bxd5 24. Bxd5 Ne5 25. Rde1 Qg5 26. Qg2 Nxg3 27. b5 axb5 28.
axb5 Rc8 29. Bxf7+ Kh7 30. Ne6 Qh4 31. Rf4 Qe7 32. Qxg3 h4 33. Qxh4+ 1-0

[Event "3. Magistral Regina Helena Marques Prol"]
[Site "Santos BRA"]
[Date "2005.09.27"]
[Round "3.3"]
[White "Lebredo, Gerardo"]
[Black "El Debs, Felipe"]
[Result "1/2-1/2"]
[WhiteElo "2300"]
[BlackElo "2341"]
[PlyCount "112"]
[EventDate "2005.09.26"]
[EventType "tourn"]
[EventRounds "9"]
[EventCountry "BRA"]
[EventCategory "4"]
[Source "lmi"]
[SourceDate "2005.10.02"]

1. Nf3 Nf6 2. c4 c6 3. Nc3 d5 4. e3 a6 5. Qc2 Bg4 6. Ne5 e6 7. Nxg4 Nxg4 8. Be2
Ne5 9. b3 Bd6 10. Bb2 Nbd7 11. f4 Ng4 12. Nd1 Ngf6 13. O-O Qe7 14. Nf2 e5 15.
Ng4 Nxg4 16. Bxg4 Nf6 17. Bf5 O-O 18. cxd5 cxd5 19. Rac1 Rfe8 20. fxe5 Bxe5 21.
Bxe5 Qxe5 22. Qc7 Qe7 23. Qb6 Rab8 24. Rc7 Qe5 25. h3 Re7 26. Rxe7 Qxe7 27. Rc1
Ne8 28. Qc5 Qe5 29. Bg4 Rd8 30. Bf3 g6 31. e4 Nf6 32. exd5 Nxd5 33. Bxd5 Rxd5
34. Qc8+ Kg7 35. Qxb7 Rxd2 36. Rf1 Qe6 37. a4 Rd7 38. Qf3 Qb6+ 39. Kh1 Qd4 40.
Qf4 a5 41. Qxd4+ Rxd4 42. Rc1 Rd3 43. Rc5 Rxb3 44. Rxa5 Ra3 45. Ra7 g5 46. a5
h5 47. Kg1 Kg6 48. Kf2 h4 49. a6 f6 50. Ra8 Kf5 51. a7 Kf4 52. Rf8 Ra2+ 53. Kf1
Rxa7 54. Rxf6+ Kg3 55. Kg1 g4 56. hxg4 Ra1+ 1/2-1/2

[Event "3. Magistral Regina Helena Marques Prol"]
[Site "Santos BRA"]
[Date "2005.09.27"]
[Round "3.5"]
[White "Lafuente, Pablo"]
[Black "Assumpcao, Roberto"]
[Result "1-0"]
[WhiteElo "2435"]
[BlackElo "2361"]
[PlyCount "89"]
[EventDate "2005.09.26"]
[EventType "tourn"]
[EventRounds "9"]
[EventCountry "BRA"]
[EventCategory "4"]
[Source "lmi"]
[SourceDate "2005.10.02"]

1. d4 Nf6 2. c4 c5 3. d5 b5 4. cxb5 a6 5. bxa6 g6 6. Nc3 Bxa6 7. Nf3 Bg7 8. g3
d6 9. Bg2 Nbd7 10. Rb1 Nb6 11. b3 O-O 12. Bb2 Ra7 13. O-O Qa8 14. Nh4 Rb8 15.
Ba1 Ne8 16. a4 Nc7 17. Qd2 c4 18. a5 Nd7 19. b4 Rab7 20. Na2 Bxa1 21. Rxa1 Nb5
22. Rab1 Qa7 23. Rfd1 c3 24. Nxc3 Na3 25. Ra1 Nc4 26. Qh6 Rxb4 27. Nf3 Nf6 28.
h3 Rb3 29. Rdc1 Qd7 30. Ng5 Nd2 31. Nxf7 Kxf7 32. Qxd2 Rb2 33. Rc2 Rxc2 34.
Qxc2 Qc7 35. Qd2 Rb4 36. Ra4 Rb3 37. Ne4 Rb1+ 38. Kh2 Nd7 39. Ng5+ Kg8 40. Qf4
Nf6 41. Ne6 Qc1 42. Qxc1 Rxc1 43. g4 Rb1 44. Nc7 Bb5 45. a6 1-0

[Event "3. Magistral Regina Helena Marques Prol"]
[Site "Santos BRA"]
[Date "2005.09.28"]
[Round "4.1"]
[White "Bachmann Schiavo, Axel"]
[Black "Assumpcao, Roberto"]
[Result "1-0"]
[WhiteElo "2410"]
[BlackElo "2361"]
[PlyCount "83"]
[EventDate "2005.09.26"]
[EventType "tourn"]
[EventRounds "9"]
[EventCountry "BRA"]
[EventCategory "4"]
[Source "lmi"]
[SourceDate "2005.10.02"]

1. e4 e6 2. d3 d5 3. Nd2 Nf6 4. g3 dxe4 5. dxe4 e5 6. Ngf3 Nc6 7. Bg2 Bc5 8.
O-O O-O 9. c3 a5 10. Qe2 b6 11. Nc4 Ba6 12. a4 Qe7 13. Nh4 Qe6 14. b3 b5 15.
axb5 Bxb5 16. Rd1 a4 17. Rd5 Nxd5 18. exd5 Qf6 19. Be3 axb3 20. Rf1 Bd6 21. Qg4
h6 22. dxc6 Ra4 23. Bd5 Kh8 24. Rb1 Bxc4 25. Bxc4 Rb8 26. Rxb3 Qd8 27. Qe2 Ra1+
28. Kg2 Rxb3 29. Bxb3 Qf6 30. Qh5 Kg8 31. Bg5 g6 32. Qxh6 Qg7 33. Qxg6 Qxg6 34.
Nxg6 Ra3 35. Bd5 Rxc3 36. Ne7+ Kf8 37. Nf5 Bc5 38. Be4 Rc4 39. f3 Rb4 40. h4
Rb2+ 41. Kh3 Kg8 42. Bf6 1-0

[Event "3. Magistral Regina Helena Marques Prol"]
[Site "Santos BRA"]
[Date "2005.09.28"]
[Round "4.2"]
[White "Mekhitarian, Krikor Sevag"]
[Black "Lafuente, Pablo"]
[Result "1-0"]
[WhiteElo "2218"]
[BlackElo "2435"]
[PlyCount "139"]
[EventDate "2005.09.26"]
[EventType "tourn"]
[EventRounds "9"]
[EventCountry "BRA"]
[EventCategory "4"]
[Source "lmi"]
[SourceDate "2005.10.02"]

1. e4 c5 2. Nf3 d6 3. d4 cxd4 4. Nxd4 Nf6 5. Nc3 a6 6. Bc4 e6 7. Bb3 b5 8. Bg5
Be7 9. Qf3 Qc7 10. O-O-O Nbd7 11. Rhe1 O-O 12. Qg3 Nc5 13. Bh6 Ne8 14. h4 Kh8
15. Bg5 Nf6 16. h5 h6 17. Bxf6 Bxf6 18. Nf3 Bb7 19. Qxd6 Qxd6 20. Rxd6 Bxc3 21.
bxc3 Bxe4 22. c4 b4 23. Kb2 Kg8 24. c3 bxc3+ 25. Kxc3 Rfc8 26. Rd4 Bxf3 27.
gxf3 Rc7 28. f4 Rac8 29. Re5 f6 30. Re3 f5 31. Bc2 Rc6 32. Re1 Kf7 33. Rg1 R8c7
34. f3 Rc8 35. Rdd1 R6c7 36. Rd4 Nd7 37. Bb3 Nf6 38. Rh1 Ke7 39. Kb4 Rc5 40.
Rd2 a5+ 41. Ka3 Ra8 42. Rd4 Ra7 43. Ba4 Ne8 44. Rg1 Kf7 45. Bb5 Rc8 46. Ka4 Kf8
47. Rc1 Ke7 48. c5 Nf6 49. c6 Nd5 50. Kb3 Kd6 51. a4 Rac7 52. Rdc4 Rb8 53. Ka3
Ke7 54. Ba6 Rb6 55. Bb5 Rb8 56. Rg1 Kf7 57. Re1 Rb6 58. Rd4 Rb8 59. Re5 Rd8 60.
Kb3 Kf6 61. Re1 Ke7 62. Kc4 Nb6+ 63. Kc5 Rxd4 64. Kxb6 Rc8 65. Kb7 Rf8 66. c7
Rxf4 67. c8=Q Rxc8 68. Kxc8 Kd6 69. Kb7 Kc5 70. Ka6 1-0

[Event "3. Magistral Regina Helena Marques Prol"]
[Site "Santos BRA"]
[Date "2005.09.28"]
[Round "4.3"]
[White "El Debs, Felipe"]
[Black "Santos, Marcus Vinicius M"]
[Result "1/2-1/2"]
[WhiteElo "2341"]
[BlackElo "2353"]
[PlyCount "92"]
[EventDate "2005.09.26"]
[EventType "tourn"]
[EventRounds "9"]
[EventCountry "BRA"]
[EventCategory "4"]
[Source "lmi"]
[SourceDate "2005.10.02"]

1. d4 d5 2. c4 c6 3. Nf3 Nf6 4. e3 e6 5. Nbd2 Nbd7 6. Bd3 Bd6 7. O-O O-O 8. e4
e5 9. cxd5 cxd5 10. exd5 exd4 11. Ne4 Nxe4 12. Bxe4 Nf6 13. Qxd4 Nxe4 14. Qxe4
Re8 15. Qd4 Bf5 16. Re1 Rxe1+ 17. Nxe1 Qc7 18. Nf3 Re8 19. Be3 a6 20. Rc1 Qd7
21. Qd2 h6 22. Nd4 Be4 23. Ne2 Qg4 24. Ng3 Bg6 25. Bc5 Bf4 26. Be3 Bxe3 27.
fxe3 h5 28. Ne2 h4 29. Nf4 Be4 30. d6 Rd8 31. h3 Qg3 32. Rd1 Bc6 33. Qf2 Qg5
34. Rd4 Qe5 35. Nd3 Qe6 36. Qf4 f6 37. e4 g5 38. Qf5 Rxd6 39. Qg6+ Kf8 40. Rxd6
Qxd6 41. e5 Qd4+ 42. Kh2 Qe4 43. Qxf6+ Ke8 44. Qh8+ Ke7 45. Qf6+ Ke8 46. Qh8+
Ke7 1/2-1/2

[Event "3. Magistral Regina Helena Marques Prol"]
[Site "Santos BRA"]
[Date "2005.09.28"]
[Round "4.4"]
[White "Crosa, Martin"]
[Black "Lebredo, Gerardo"]
[Result "1-0"]
[WhiteElo "2415"]
[BlackElo "2300"]
[PlyCount "55"]
[EventDate "2005.09.26"]
[EventType "tourn"]
[EventRounds "9"]
[EventCountry "BRA"]
[EventCategory "4"]
[Source "lmi"]
[SourceDate "2005.10.02"]

1. e4 c5 2. c3 e6 3. d4 d5 4. e5 Nc6 5. Nf3 Bd7 6. Be2 Nh6 7. O-O cxd4 8. cxd4
Nf5 9. Nc3 Be7 10. g4 Nh4 11. Nxh4 Bxh4 12. Be3 Be7 13. f4 Rc8 14. Rc1 Na5 15.
b3 a6 16. f5 Bb4 17. Nb1 Rxc1 18. Bxc1 Qb6 19. Be3 Nc6 20. Qd3 h6 21. Kh1 Qb5
22. Qd1 Qb6 23. Bg1 Qd8 24. Qd3 Ne7 25. a4 h5 26. f6 gxf6 27. exf6 Ng8 28. g5
1-0

[Event "3. Magistral Regina Helena Marques Prol"]
[Site "Santos BRA"]
[Date "2005.09.28"]
[Round "4.5"]
[White "Tsuboi, Edson"]
[Black "Sega, Carlos Alberto"]
[Result "0-1"]
[WhiteElo "2345"]
[BlackElo "2300"]
[PlyCount "86"]
[EventDate "2005.09.26"]
[EventType "tourn"]
[EventRounds "9"]
[EventCountry "BRA"]
[EventCategory "4"]
[Source "lmi"]
[SourceDate "2005.10.02"]

1. e4 e5 2. Nf3 Nf6 3. Nxe5 d6 4. Nf3 Nxe4 5. d4 d5 6. Bd3 Bd6 7. O-O O-O 8. c4
c6 9. Re1 Bg4 10. h3 Bh5 11. Nc3 Nxc3 12. bxc3 dxc4 13. Bxc4 b5 14. Bd3 Nd7 15.
Be4 Rc8 16. a4 a6 17. axb5 axb5 18. Ra6 Nb8 19. Ra8 f5 20. Bc2 Kh8 21. Qd3 Bf7
22. Ng5 Bd5 23. Qd1 Qf6 24. Ra7 Rc7 25. Rxc7 Bxc7 26. Bb3 f4 27. Qh5 h6 28.
Bxd5 cxd5 29. Ne6 Rc8 30. Nxc7 Rxc7 31. Re8+ Kh7 32. Rxb8 Rxc3 33. Bd2 Rd3 34.
Ba5 f3 35. Qe5 Rd1+ 36. Kh2 fxg2 37. Kxg2 Qg6+ 38. Kf3 Rd3+ 39. Ke2 Ra3 40. Kf1
Ra1+ 41. Be1 Qd3+ 42. Qe2 Qxh3+ 43. Kg1 Ra6 0-1

[Event "3. Magistral Regina Helena Marques Prol"]
[Site "Santos BRA"]
[Date "2005.09.29"]
[Round "5.1"]
[White "Sega, Carlos Alberto"]
[Black "Bachmann Schiavo, Axel"]
[Result "0-1"]
[WhiteElo "2300"]
[BlackElo "2410"]
[PlyCount "130"]
[EventDate "2005.09.26"]
[EventType "tourn"]
[EventRounds "9"]
[EventCountry "BRA"]
[EventCategory "4"]
[Source "lmi"]
[SourceDate "2005.10.02"]

1. c4 g6 2. Nc3 Bg7 3. g3 d6 4. Bg2 c5 5. Nf3 Nc6 6. O-O Nh6 7. d4 cxd4 8. Nxd4
Nxd4 9. Bxh6 Bxh6 10. Qxd4 O-O 11. Rfd1 Bg7 12. Qe3 Bxc3 13. Qxc3 Qb6 14. Rd5
Rb8 15. Qd2 Be6 16. Rd4 Rfc8 17. Rc1 Qc5 18. Bd5 Bxd5 19. Rxd5 Qb6 20. Rb5 Qc6
21. Rc3 Rc7 22. Rd5 Rbc8 23. h4 Qe8 24. Qd4 Qa4 25. b3 Qxa2 26. Re3 Qb1+ 27.
Kg2 f6 28. Qe4 Kf8 29. Qe6 Qb2 30. h5 Qc2 31. g4 Kg7 32. g5 fxg5 33. h6+ Kxh6
34. Qf7 g4 35. Re6 Rh8 36. Kg3 Qc1 37. Kg2 Qc2 38. Rxe7 Qe4+ 39. Rxe4 Rxf7 40.
Rxg4 Rhf8 41. f3 Re8 42. Kf2 Rfe7 43. e4 Re6 44. Ke3 Rc8 45. Kd4 Kg7 46. b4 b6
47. b5 Rf6 48. f4 Rcf8 49. Ke3 Re8 50. e5 dxe5 51. fxe5 Rfe6 52. Kd4 h5 53. Rg1
Kh6 54. Rd6 h4 55. Rxe6 Rxe6 56. Kd5 Re8 57. e6 Kh5 58. Kd6 g5 59. Kd7 Rh8 60.
e7 h3 61. Rf1 g4 62. Ke6 Re8 63. Rf7 Kg6 64. Rf8 Rxe7+ 65. Kxe7 h2 0-1

[Event "3. Magistral Regina Helena Marques Prol"]
[Site "Santos BRA"]
[Date "2005.09.29"]
[Round "5.2"]
[White "Lebredo, Gerardo"]
[Black "Tsuboi, Edson"]
[Result "1/2-1/2"]
[WhiteElo "2300"]
[BlackElo "2345"]
[PlyCount "108"]
[EventDate "2005.09.26"]
[EventType "tourn"]
[EventRounds "9"]
[EventCountry "BRA"]
[EventCategory "4"]
[Source "lmi"]
[SourceDate "2005.10.02"]

1. Nf3 Nf6 2. c4 e6 3. b3 b6 4. Bb2 Bb7 5. e3 c5 6. Nc3 Be7 7. d4 cxd4 8. exd4
O-O 9. Bd3 d5 10. O-O Nc6 11. Rc1 Rc8 12. Re1 Re8 13. cxd5 Nxd5 14. Nxd5 exd5
15. Ne5 Nxe5 16. Rxc8 Qxc8 17. dxe5 Bc5 18. a3 a5 19. Qd2 Qg4 20. Be2 Qh4 21.
Bf3 Qe7 22. Ra1 Rd8 23. Bd4 Rc8 24. Bxc5 Rxc5 25. b4 axb4 26. axb4 Rc8 27. Qd4
Rc4 28. Qxb6 Rxb4 29. Qa5 h6 30. Bxd5 Bxd5 31. Qxd5 Qg5 32. h3 Rb2 33. Qe4 Rb8
34. f4 Qh4 35. Kh2 g5 36. Ra8 Rxa8 37. Qxa8+ Kg7 38. g3 Qh5 39. Qg2 Qd1 40. f5
Qe1 41. Qb2 Kh7 42. f6 h5 43. Qa2 Kg6 44. Qc2+ Kh6 45. Qb2 h4 46. gxh4 gxh4 47.
Qd4 Qg3+ 48. Kh1 Qxh3+ 49. Kg1 Qg3+ 50. Kh1 Qg5 51. Qe4 h3 52. e6 Qg2+ 53. Qxg2
hxg2+ 54. Kxg2 fxe6 1/2-1/2

[Event "3. Magistral Regina Helena Marques Prol"]
[Site "Santos BRA"]
[Date "2005.09.29"]
[Round "5.3"]
[White "Santos, Marcus Vinicius M"]
[Black "Crosa, Martin"]
[Result "1-0"]
[WhiteElo "2353"]
[BlackElo "2415"]
[PlyCount "91"]
[EventDate "2005.09.26"]
[EventType "tourn"]
[EventRounds "9"]
[EventCountry "BRA"]
[EventCategory "4"]
[Source "lmi"]
[SourceDate "2005.10.02"]

1. d4 Nf6 2. c4 g6 3. Nc3 Bg7 4. e4 d6 5. f4 c5 6. d5 O-O 7. Nf3 e6 8. Be2 exd5
9. cxd5 Bg4 10. O-O Nbd7 11. Re1 Re8 12. h3 Bxf3 13. Bxf3 a6 14. a4 Qc7 15. Be3
Rab8 16. Rc1 Qa5 17. Bd2 Rbc8 18. g4 h6 19. h4 g5 20. e5 dxe5 21. hxg5 hxg5 22.
f5 c4 23. Ne4 Qc7 24. d6 Qb6+ 25. Be3 Qa5 26. Nxf6+ Bxf6 27. Bxb7 e4 28. Qd5
Qxd5 29. Bxd5 Bxb2 30. Rxc4 Rxc4 31. Bxc4 Ne5 32. Be2 Ba3 33. Rd1 Rd8 34. d7
Rxd7 35. Rxd7 Nxd7 36. Bxa6 Bb4 37. Bxg5 Ba5 38. Kf2 Ne5 39. Ke3 Nxg4+ 40. Kxe4
f6 41. Bf4 Kf7 42. Be2 Nf2+ 43. Kd5 Nh3 44. Be3 Ng5 45. Kc6 Ne4 46. Bb6 1-0

[Event "3. Magistral Regina Helena Marques Prol"]
[Site "Santos BRA"]
[Date "2005.09.29"]
[Round "5.4"]
[White "Lafuente, Pablo"]
[Black "El Debs, Felipe"]
[Result "1-0"]
[WhiteElo "2435"]
[BlackElo "2341"]
[PlyCount "89"]
[EventDate "2005.09.26"]
[EventType "tourn"]
[EventRounds "9"]
[EventCountry "BRA"]
[EventCategory "4"]
[Source "lmi"]
[SourceDate "2005.10.02"]

1. d4 d5 2. c4 c6 3. Nc3 Nf6 4. e3 e6 5. Nf3 Nbd7 6. Qc2 Bd6 7. Bd3 O-O 8. O-O
e5 9. cxd5 cxd5 10. e4 dxe4 11. Nxe4 Nxe4 12. Bxe4 h6 13. Be3 exd4 14. Bh7+ Kh8
15. Bxd4 Qa5 16. Rfd1 Bc5 17. Be4 Bxd4 18. Nxd4 Nf6 19. Bf3 Qb6 20. h3 Rd8 21.
Qc3 Rd6 22. a4 a6 23. Rac1 Bd7 24. a5 Qa7 25. Qb4 Qb8 26. Rd2 Kg8 27. Rcd1 Qf8
28. Qxb7 Rb8 29. Qa7 Ba4 30. b3 Bd7 31. Qc5 Rc8 32. Qa3 Rc3 33. Qb4 Rc8 34. Qa3
Rc3 35. Qb2 Qc8 36. b4 Ba4 37. Ra1 Be8 38. b5 Qc5 39. b6 Rxd4 40. Rxd4 Qxd4 41.
b7 Nd7 42. Rd1 Qe5 43. Rxd7 Rc1+ 44. Qxc1 Bxd7 45. Qc8+ 1-0